00265cam a22000977a 4500008004000000082001800040245004400058260004200102300001000144650001300154180718b1950 xxu||||| |||| 00| 0 eng d aET109x42 R812 aRoyal economic society: list of fellows aLondonbRichad Clay and Companyc1950 a156p. aEconomic